| 000 | 00622nam a22001817a 4500 | ||
|---|---|---|---|
| 005 | 20240820160236.0 | ||
| 008 | 240820s1972 sp aebc| |||| 001 0 spa d | ||
| 040 |
_aCO-JMCR _cCO-JMCR _dCO-JMCR _erda |
||
| 041 | _aspa | ||
| 082 |
_223° edición _a709.38 _bT19a |
||
| 100 |
_eautor _aTarradell , Miguel, _943814 |
||
| 245 |
_aEl arte griego y romano ; _cMiguel Tarradell |
||
| 260 |
_aEspaña : _bBiblioteca general Savat , _c1972 |
||
| 300 |
_a134 páginas : _bIlustraciones a color, mapas, planos _c18 cm. |
||
| 650 | 1 | 4 |
_2JMCR _aArte griego _xHistoria _943815 |
| 650 | 2 | 4 |
_2JMCR _aArte romano _xHistoria _943816 |
| 942 |
_2ddc _cBK |
||
| 999 |
_c30816 _d17200 |
||